Normal view
MARC view
Entry Topical Term
001 - CONTROL NUMBER
- control field: 30195
003 - CONTROL NUMBER IDENTIFIER
- control field: ARRUPE
005 - DATE AND TIME OF LATEST TRANSACTION
- control field: 20170428115754.0
008 - FIXED-LENGTH DATA ELEMENTS
- fixed length control field: 170428|| aca||aabn | a|a d
040 ## - CATALOGING SOURCE
- Original cataloging agency: ARRUPE
- Transcribing agency: ARRUPE
150 ## - HEADING--TOPICAL TERM
- Topical term or geographic name as entry element: Ntare Rushasti
- General subdivision: Legends
670 ## - SOURCE DATA FOUND
- Source citation: Work cat.: (ARRUPE)99455: Guillet, Claude 30194, Legendes historiques du Burundi, 1987